| 000 | 00714nam a22002177a 4500 | ||
|---|---|---|---|
| 999 |
_c14446 _d14446 |
||
| 003 | AR-CdUCM | ||
| 008 | 190423b ||||| |||| 00| 0 spa d | ||
| 020 | _a978-958-30-4384-0 | ||
| 040 |
_aMUNICIPALIDAD PROVINCIAL DEL CUSCO _cBIBLIOTECA MUNICIPAL DEL CUSCO |
||
| 041 | _hspa | ||
| 082 |
_aEP / 985.0 / _bA21 |
||
| 100 |
_aHarris, Nicholas _933226 |
||
| 245 |
_aEn busca del oro de los incas : _bViaje en el tiempo / |
||
| 260 |
_aColombia : _bPanamericana, _c2014. |
||
| 300 |
_a31 páginas ; _bIlustraciones, _c27 cm. |
||
| 650 |
_aLectura infantil _928296 |
||
| 650 |
_aTesoro de los incas _933227 |
||
| 650 |
_aHistoria de los incas para niños _933228 |
||
| 942 |
_2ddc _cLIBROS |
||
| 945 |
_adavv _d23/04/2019 |
||